Alimenti con lettera iniziale B - Statistics

Statistiche generali
  • Questo quiz è stato fatto 141 volte
  • Il punteggio medio è 10 su 12
Statistiche sulle risposte
con Immagini Risposta % Corretto
Banana
100%
Birra
98%
Broccolo
96%
Burro
93%
Basilico
92%
Burrata
91%
Bresaola
90%
Babà
88%
Bucatini
86%
Barbabietola
79%
Baccalà
62%
Bottarga
38%
Nessun quiz corrispondente trovato
Distribuzione punteggi
Percentuale di utenti per punteggio
Percentile per numero di risposta
I tuoi punteggi nel tempo
Non hai fatto questo quiz